Crisis económica y políticas de ajuste
Se estudian los antecedentes de la crisis económica que enfrenta Centroamérica desde el inicio de los años ochenta, su evolución y la respuesta adoptada ante ella. Menciona como en un inicio la respuesta por parte de los diferentes países fué buscar financiamiento externo como estímulo a la producc...
Gorde:
| Egile nagusia: | |
|---|---|
| Formatua: | Liburua |
| Hizkuntza: | Spanish |
| Gaiak: | |
| Etiketak: |
Etiketa erantsi
Etiketarik gabe, Izan zaitez lehena erregistro honi etiketa jartzen!
|
MARC
| LEADER | 00000nam a22000007a 4500 | ||
|---|---|---|---|
| 003 | cru CIDCACS/IIS | ||
| 005 | 20200925161236.0 | ||
| 007 | ta | ||
| 008 | 170301|1988 mx ||||| |||| 00| 0 spa d | ||
| 040 | |c CRAI/IIS |a CRAI/IIS | ||
| 100 | 1 | |9 3218 |a Serrano, Angel | |
| 245 | 1 | |a Crisis económica y políticas de ajuste | |
| 300 | |a 894-899 páginas | ||
| 520 | |a Se estudian los antecedentes de la crisis económica que enfrenta Centroamérica desde el inicio de los años ochenta, su evolución y la respuesta adoptada ante ella. Menciona como en un inicio la respuesta por parte de los diferentes países fué buscar financiamiento externo como estímulo a la producción, lo que contribuyó a la inflación sobre todo con el recargo que representó en la deuda externa. Posteriormente se implementaron políticas de ajustes, las cuales se caracterizaron por la falta de continuidad, incongruencias y contradicciones. Se finaliza con un llamado urgente a nuevos financiamientos a la transformación de la estructura productiva para lograr el desarrollo económico y social de sus pueblos. MR/MR | ||
| 650 | 4 | |9 2655 |a POLITICA ECONOMICA | |
| 650 | 4 | |9 1935 |a RECESION ECONOMICA | |
| 650 | 4 | |9 2645 |a COOPERACION INTERNACIONAL | |
| 650 | 4 | |9 2667 |a INFLACION | |
| 773 | 0 | |0 18962 |9 317 |a Banco Nacional de Comercio Exterior. |d México, D.F Banco Nacional de Comercio Exterior. Departamento de Publicaciones |o MFN0057 |t Comercio Exterior : | |
| 942 | |2 ddc |c PP | ||
| 999 | |c 18963 |d 18963 | ||
